000 00546cam a22001577a 4500
008 180718b1967 xxu||||| |||| 00| 0 eng d
020 _a11 880024 8
082 _aPx42Un3 67
100 _aLondon; School Council
245 _aSociety and the young school leaver : A humanities programme in preration for the raising of the school leaving age
_cBy School Council
260 _aLondon
_bHMSO
_c1967
300 _a84p.
500 _aWorking paper No. 11
650 _aEducational innovations -- Great Britain
650 _aDropouts -- Great Britain
999 _c413781
_d413781